000
00339cam a2200145ua 4500
041
_a
eng
_h
082
_a
828.09
_b
CON/WI
100
_a
Connel, John .
245
_a
Winston Churchill /
_c
John connel.
_h
Textual Documents
260
_a
London :
_b
Longman ,
_c
1956.
300
_a
43 ; .
504
_a
942
_c
BK
999
_c
3615
_d
3615